| 000 | 00000nam 2200000zi 4500 |
| 001 | 9.945557 |
| 003 | CaOODSP |
| 005 | 20241126081538 |
| 006 | m o d f |
| 007 | cr mn||||||||| |
| 008 | 241126e198003##onc ob f000 0 fre d |
| 040 | |aCaOODSP|bfre|erda|cCaOODSP |
| 043 | |an-cn---|an-us--- |
| 086 | 1 |aCo22-761/1980F-PDF |
| 100 | 1 |aLucyk, J. R., |eauteur. |
| 245 | 10|aServices radiophoniques de lecture pour les aveugles et autres handicapés visuels : |bun document d'information / |cJ.R. Lucyk. |
| 264 | 1|a[Ottawa] : |bDirection des politiques sociales et de la radiodiffusion, Ministère des communications, |cmars 1980. |
| 300 | |a1 ressource en ligne (iii, 32 pages) |
| 336 | |atexte|btxt|2rdacontent/fre |
| 337 | |ainformatique|bc|2rdamedia/fre |
| 338 | |aressource en ligne|bcr|2rdacarrier/fre |
| 500 | |aPublié aussi en anglais sous le titre : Radio reading services for the blind and otherwise print-handicapped: an information paper. |
| 500 | |aÉdition numérisée de l'imprimé [par Innovation, sciences et développement économique Canada]. |
| 504 | |aComprend des références bibliographiques (page 32). |
| 650 | 6|aServices radiophoniques de lecture pour personnes aveugles|zCanada. |
| 650 | 6|aServices radiophoniques de lecture pour personnes aveugles|zÉtats-Unis. |
| 710 | 1 |aCanada. |bMinistère des communications. |bDirection des politiques sociales et de la radiodiffusion, |eorganisme de publication. |
| 775 | 08|tRadio reading services for the blind and otherwise print-handicapped : |w(CaOODSP)9.939674 |
| 856 | 40|qPDF|s1.16 Mo|uhttps://publications.gc.ca/collections/collection_2024/isde-ised/co22/Co22-761-1980-fra.pdf |